| 000 | 00944nam0a22002531 4500 | ||
|---|---|---|---|
| 001 | rc\2263012 | ||
| 005 | 20250623005427.0 | ||
| 035 | _a(NLR Aleph) 006500126 | ||
| 090 |
_a6222610 _c6222610 |
||
| 100 | _a20110829d1979 |||y0rusy50 ca | ||
| 101 | 0 | _arus | |
| 102 | _aRU | ||
| 105 | _ay z ||||| | ||
| 200 | 1 |
_aНаучные основы переработки и использования древесины _fПод рук. акад. АН Латв. ССР А.Я. Калниньша |
|
| 210 |
_aМосква _cВИНИТИ _d1979 |
||
| 215 |
_a54 с. _d29 |
||
| 225 | 1 |
_aПрограммы исследований по важнейшим фундаментальным проблемам на период 1978-1990 гг. _fАН СССР |
|
| 333 | _aДСП. Экз. № 7 | ||
| 702 | 1 |
_aКалниньш _bА.Я. _4570 |
|
| 801 | 0 |
_aRU _bNLR _gpsbo |
|
| 801 | 1 |
_aRU _bELAR _2rusmarc |
|
| 852 |
_aNLR _j80-50К/543 |
||
| 942 | _cBOOK | ||
| 980 | _aNB | ||